Statystyki dla Flagi państw z najwyższym procentem czerni

Kliknij tutaj aby rozwiązać quiz!

Ogólne statystyki

  • Ten quiz został rozwiązany 30 997 razy
    (24 542 od ostatniego zresetowania)
  • Średni wynik to 12 z 14

Statystyki odpowiedzi

Odpowiedź% Poprawnych
Belgia
99%
Niemcy
99%
Estonia
97%
Egipt
95%
Jamajka
93%
Irak
90%
Kenia
85%
Syria
84%
Angola
80%
Uganda
76%
Jemen
70%
Papua-Nowa Gwinea
70%
Libia
69%
Tanzania
63%

Rozkład punktacji

Percentyl według liczby udzielonych odpowiedzi

Procent ludzi z każdym wynikiem

Twoja historia wyników

Nie rozwiązałeś tego quizu od ostatniego zresetowania